[Event "Sachsen-ch Seniors op 25th"]
[Site "Dresden"]
[Date "2017.10.13"]
[Round "9"]
[White "Hoehne, Peter"]
[Black "Rozov, Boris"]
[Result "0-1"]
[WhiteElo "1943"]
[BlackElo "2156"]
[PlyCount "102"]
[EventDate "2017.10.05"]
[EventType "swiss"]
[EventRounds "9"]
[EventCountry "GER"]
[SourceTitle "EXT 2019"]
[Source "ChessBase"]
[SourceDate "2018.10.10"]
[SourceVersion "1"]
[SourceVersionDate "2018.10.10"]
[SourceQuality "1"]

1. e4 e6 2. d4 d5 3. e5 c5 4. c3 Qb6 5. Nf3 Nc6 6. Bd3 Bd7 7. dxc5 Bxc5 8. 0-0 a5 9. b3 Nge7 10. Na3 Ng6 11. c4 Ncxe5 12. cxd5 0-0 13. Nc4 Nxc4 14. bxc4 Qd6 15. Rb1 b6 16. Ng5 exd5 17. cxd5 h6 18. Ne4 Qxd5 19. Bxh6 Bc6 20. Qe2 Ne5 21. Bc2 a4 22. Qh5 Ng6 23. Qg4 Rfe8 24. Nxc5 gxh6 25. Nxa4 h5 26. Qxg6+ fxg6 27. Bb3 Rxa4 28. Rfc1 Kg7 29. Bxd5 Bxd5 30. Rxb6 Rxa2 31. Rc7+ Kh6 32. h4 Ra4 33. f3 Rxh4 34. Kf2 Rc4 35. Rd7 Be6 36. Ra7 Bf5 37. Rf7 Kg5 38. Rh7 Kh4 39. Rb3 Rc2+ 40. Kf1 Kg3 41. f4+ Kxf4 42. Ra7 Re3 43. Ra4+ Be4 44. Rbb4 Kg3 45. Ra1 Bxg2+ 46. Kg1 Bf3 47. Rb6 Rg2+ 48. Kf1 Be2+ 49. Ke1 Bd3+ 50. Kd1 Rf3 51. Re6 Rf1+ 0-1

[Event "Sachsen-ch Seniors op 25th"]
[Site "Dresden"]
[Date "2017.10.11"]
[Round "7"]
[White "Rozov, Boris"]
[Black "Essegern, Kurt"]
[Result "1/2-1/2"]
[WhiteElo "2156"]
[BlackElo "2111"]
[PlyCount "38"]
[EventDate "2017.10.05"]
[EventType "swiss"]
[EventRounds "9"]
[EventCountry "GER"]
[SourceTitle "EXT 2019"]
[Source "ChessBase"]
[SourceDate "2018.10.10"]
[SourceVersion "1"]
[SourceVersionDate "2018.10.10"]
[SourceQuality "1"]

1. d4 Nf6 2. Nc3 d5 3. Bg5 Nbd7 4. Qd3 e6 5. e4 dxe4 6. Nxe4 Be7 7. Bf4 Nxe4 8. Qxe4 Nf6 9. Qd3 0-0 10. 0-0-0 c5 11. Qc4 Qd5 12. Nf3 b6 13. Qxd5 Nxd5 14. Be5 cxd4 15. Bxd4 Bb7 16. Nd2 Rfd8 17. Nc4 f6 18. f3 e5 19. Bf2 Nb4 1/2-1/2

[Event "Sachsen-ch Seniors op 25th"]
[Site "Dresden"]
[Date "2017.10.09"]
[Round "5"]
[White "Schneider, Alexander"]
[Black "Rozov, Boris"]
[Result "1-0"]
[WhiteElo "2045"]
[BlackElo "2156"]
[PlyCount "95"]
[EventDate "2017.10.05"]
[EventType "swiss"]
[EventRounds "9"]
[EventCountry "GER"]
[SourceTitle "EXT 2019"]
[Source "ChessBase"]
[SourceDate "2018.10.10"]
[SourceVersion "1"]
[SourceVersionDate "2018.10.10"]
[SourceQuality "1"]

1. d4 Nf6 2. c4 e6 3. Nc3 Bb4 4. Qc2 c5 5. dxc5 0-0 6. e3 Bxc5 7. Bd3 Nc6 8. a3 Ne5 9. Be2 d5 10. cxd5 exd5 11. Nf3 Nxf3+ 12. Bxf3 Bg4 13. Bxg4 Nxg4 14. h3 Nf6 15. 0-0 Qe7 16. Rd1 Rfd8 17. Nb5 Rac8 18. Qd3 Qe4 19. b4 Qxd3 20. Rxd3 a6 21. bxc5 axb5 22. Bb2 Rxc5 23. Bd4 Rc4 24. Rb3 b4 25. Rxb4 Rd7 26. Rb6 Rc6 27. f3 Rxb6 28. Bxb6 Rd6 29. Rb1 Nd7 30. Bd4 b6 31. Rc1 f6 32. a4 Ne5 33. Rc8+ Kf7 34. Rc7+ Kg6 35. f4 Nd3 36. g4 Kh6 37. h4 Re6 38. g5+ Kg6 39. h5+ Kxh5 40. Rxg7 fxg5 41. Rxg5+ Kh4 42. Rxd5 Kg3 43. Rg5+ Kf3 44. f5 Rc6 45. f6 Rc1+ 46. Kh2 Rc2+ 47. Kh3 Rc1 48. Rf5+ 1-0

[Event "Dresden ZMD op 22nd"]
[Site "Dresden"]
[Date "2013.08.14"]
[Round "5"]
[White "Schnoor, Ekkehard"]
[Black "Rozov, Boris"]
[Result "1-0"]
[WhiteElo "2059"]
[BlackElo "2152"]
[PlyCount "87"]
[EventDate "2013.08.10"]
[EventType "swiss"]
[EventRounds "9"]
[EventCountry "GER"]
[SourceTitle "CBM 155 Extra"]
[Source "ChessBase"]
[SourceDate "2013.08.26"]
[SourceVersion "1"]
[SourceVersionDate "2013.08.26"]
[SourceQuality "1"]

1. e4 c6 2. d4 g6 3. Nc3 Bg7 4. f4 d5 5. e5 Nh6 6. h3 0-0 7. g4 f6 8. Nf3 b6 9. Be3 Ba6 10. f5 Bxf1 11. Rxf1 gxf5 12. Qd2 Nf7 13. exf6 exf6 14. 0-0-0 Re8 15. Bf4 Nd6 16. Bxd6 Qxd6 17. Nh4 a5 18. Nxf5 Qd8 19. Ne2 Ra7 20. Neg3 Rf7 21. Rde1 Bf8 22. Rxe8 Qxe8 23. Re1 Qd8 24. Nh5 Na6 25. Re6 c5 26. c3 Kh8 27. Qe2 Nc7 28. Rxb6 cxd4 29. cxd4 a4 30. a3 Qc8 31. Kb1 Qd8 32. Rc6 Kg8 33. Ka1 Kh8 34. Ka2 Kg8 35. Ka1 Kh8 36. Qd3 Kg8 37. Ka2 Kh8 38. Kb1 Kg8 39. Qe3 Nb5 40. Ka2 Kh8 41. Qc1 Nc7 42. Rb6 Kg8 43. Qc6 Ne8 44. Ra6 1-0

[Event "Dresden ZMD op-A 21st"]
[Site "Dresden"]
[Date "2012.08.25"]
[Round "8"]
[White "Heinig, Wolfram"]
[Black "Rozov, Boris"]
[Result "1-0"]
[WhiteElo "2257"]
[BlackElo "2054"]
[PlyCount "51"]
[EventDate "2012.08.18"]
[EventType "swiss"]
[EventRounds "9"]
[EventCountry "GER"]
[SourceTitle "CBM 150 Extra"]
[Source "ChessBase"]
[SourceDate "2012.10.19"]
[SourceVersion "1"]
[SourceVersionDate "2012.10.19"]
[SourceQuality "1"]

1. Nf3 d6 2. c4 g6 3. g3 Bg7 4. Bg2 e5 5. Nc3 f5 6. d3 Nf6 7. 0-0 c6 8. Bd2 0-0 9. Rb1 Qe7 10. Ne1 Be6 11. b4 d5 12. cxd5 cxd5 13. b5 Nbd7 14. Na4 Rfc8 15. Bb4 Qf7 16. Nf3 h6 17. Nd2 g5 18. Nb3 b6 19. Qd2 a6 20. bxa6 Rxa6 21. Nc3 Nc5 22. Rfc1 Qd7 23. d4 Nxb3 24. axb3 e4 25. Na4 Qb5 26. e3 1-0

[Event "Dresden ZMD op-A 21st"]
[Site "Dresden"]
[Date "2012.08.24"]
[Round "7"]
[White "Rozov, Boris"]
[Black "Berni, Fabrizio"]
[Result "1-0"]
[WhiteElo "2054"]
[BlackElo "1974"]
[PlyCount "36"]
[EventDate "2012.08.18"]
[EventType "swiss"]
[EventRounds "9"]
[EventCountry "GER"]
[SourceTitle "CBM 150 Extra"]
[Source "ChessBase"]
[SourceDate "2012.10.19"]
[SourceVersion "1"]
[SourceVersionDate "2012.10.19"]
[SourceQuality "1"]

1. d4 Nf6 2. Nc3 d6 3. e4 Nbd7 4. Bg5 e5 5. Nf3 Be7 6. Bc4 0-0 7. Qd2 c6 8. Bb3 b5 9. a3 Rb8 10. 0-0 Qc7 11. Rad1 Re8 12. Rfe1 a5 13. h3 Bf8 14. Qe3 h6 15. Bh4 g6 16. Bg3 Nh5 17. Bh2 Nf4 18. Ne2 g5 1-0

[Event "Dresden ZMD op 20th"]
[Site "Dresden"]
[Date "2011.08.11"]
[Round "6"]
[White "Rozov, Boris"]
[Black "Strunski, Andreas"]
[Result "0-1"]
[WhiteElo "2171"]
[BlackElo "2352"]
[PlyCount "96"]
[EventDate "2011.08.06"]
[EventType "swiss"]
[EventRounds "9"]
[EventCountry "GER"]
[SourceTitle "CBM 143 Extra"]
[Source "ChessBase"]
[SourceDate "2011.08.29"]
[SourceVersion "1"]
[SourceVersionDate "2011.08.29"]
[SourceQuality "1"]

1. d4 Nf6 2. Nc3 d5 3. Bg5 e6 4. e4 dxe4 5. Nxe4 Be7 6. Bxf6 gxf6 7. Nf3 a6 8. Qd2 f5 9. Ng3 b5 10. Nh5 h6 11. g3 Bb7 12. Bg2 Nd7 13. Nh4 c6 14. Nf3 c5 15. 0-0 Nf6 16. Nxf6+ Bxf6 17. Rfd1 cxd4 18. Qf4 Qb8 19. Qxb8+ Rxb8 20. Nxd4 Bxg2 21. Kxg2 0-0 22. c3 Rfc8 23. a3 a5 24. Nc2 Rd8 25. Kf3 Kf8 26. Ke2 Ke7 27. f4 h5 28. Ke3 h4 29. Rab1 Rh8 30. Nd4 Bxd4+ 31. Rxd4 hxg3 32. hxg3 Rbg8 33. Kf3 Rh3 34. Rg1 f6 35. Kf2 Rh2+ 36. Rg2 Rxg2+ 37. Kxg2 e5 38. Rd5 Ke6 39. Rxb5 exf4 40. c4 fxg3 41. Rb3 f4 42. Rc3 Rd8 43. Kf3 Kf5 44. Rb3 Kg5 45. Rb7 Re8 46. c5 Re3+ 47. Kg2 Re2+ 48. Kf1 Rc2 0-1

[Event "GER-chT Seniors 19th"]
[Site "Eckernfoerde"]
[Date "2010.09.15"]
[Round "3.3"]
[White "Schroeder, Christian"]
[Black "Rozov, Boris"]
[Result "0-1"]
[WhiteElo "1854"]
[BlackElo "2068"]
[PlyCount "52"]
[EventDate "2010.09.13"]
[EventType "team-swiss"]
[EventRounds "7"]
[EventCountry "GER"]
[SourceTitle "EXT 2011"]
[Source "ChessBase"]
[SourceDate "2010.11.26"]
[SourceVersion "1"]
[SourceVersionDate "2010.11.26"]
[SourceQuality "1"]
[WhiteTeam "Mecklenburg Vorpommern II"]
[BlackTeam "Sachsen"]
[WhiteTeamCountry "GER"]
[BlackTeamCountry "GER"]

1. c4 e6 2. Nf3 d5 3. d4 Bb4+ 4. Nbd2 Nc6 5. e3 Nf6 6. Bd3 0-0 7. 0-0 Re8 8. Ne5 Ne7 9. a3 Bd6 10. f4 c5 11. g4 cxd4 12. exd4 dxc4 13. Ndxc4 Nfd5 14. Qc2 Ng6 15. f5 Bxe5 16. dxe5 exf5 17. Bxf5 Nxe5 18. Nxe5 Rxe5 19. Bxh7+ Kh8 20. Bf5 Bxf5 21. Rxf5 Rc8 22. Qf2 Rxf5 23. Qxf5 Qb6+ 24. Kh1 Qc6 25. Qf3 Re8 26. Bd2 Qc2 0-1

[Event "EU-chT Seniors 12th"]
[Site "Dresden"]
[Date "2010.02.13"]
[Round "4"]
[White "Rozov, Boris"]
[Black "Gummesson, Ingvar"]
[Result "1-0"]
[WhiteElo "2174"]
[BlackElo "1863"]
[PlyCount "91"]
[EventDate "2010.02.10"]
[EventType "team-swiss"]
[EventRounds "9"]
[EventCountry "GER"]
[SourceTitle "CBM 134 Extra"]
[Source "ChessBase"]
[SourceDate "2010.03.03"]
[SourceVersion "1"]
[SourceVersionDate "2010.03.03"]
[SourceQuality "1"]
[WhiteTeam "Dresden Leuben (Seniors)"]
[BlackTeam "Sweden (Seniors) IV"]
[WhiteTeamCountry "GER"]
[BlackTeamCountry "SWE"]

1. d4 Nf6 2. Nc3 e6 3. e4 Bb4 4. Bd3 0-0 5. Bg5 h6 6. Bh4 d6 7. e5 dxe5 8. dxe5 g5 9. exf6 Qxf6 10. Bg3 Bxc3+ 11. bxc3 Qxc3+ 12. Kf1 Nd7 13. Qe1 Qc5 14. h4 g4 15. Qe4 Nf6 16. Qe3 Qxe3 17. fxe3 Nd5 18. Kf2 Bd7 19. Rb1 Bc6 20. Ne2 f5 21. Be5 Rf7 22. c4 Nb6 23. Nd4 Be4 24. Bxe4 fxe4+ 25. Ke2 Nxc4 26. Bg3 e5 27. Ne6 c6 28. Nc5 b6 29. Nxe4 Raf8 30. Rbc1 b5 31. Nd2 Na5 32. Rhf1 Re8 33. Ne4 Re6 34. Rxf7 Kxf7 35. Rc5 Nc4 36. Nd2 Nxd2 37. Kxd2 Kf6 38. e4 a5 39. Kc2 Ke7 40. Rxe5 Rxe5 41. Bxe5 c5 42. h5 Kf7 43. Bf4 Kg7 44. e5 a4 45. Bxh6+ Kxh6 46. e6 1-0

[Event "EU-chT Seniors 12th"]
[Site "Dresden"]
[Date "2010.02.11"]
[Round "2"]
[White "Rozov, Boris"]
[Black "Almi, Olavi"]
[Result "0-1"]
[WhiteElo "2174"]
[BlackElo "1792"]
[PlyCount "94"]
[EventDate "2010.02.10"]
[EventType "team-swiss"]
[EventRounds "9"]
[EventCountry "GER"]
[SourceTitle "CBM 134 Extra"]
[Source "ChessBase"]
[SourceDate "2010.03.03"]
[SourceVersion "1"]
[SourceVersionDate "2010.03.03"]
[SourceQuality "1"]
[WhiteTeam "Dresden Leuben (Seniors)"]
[BlackTeam "Turku TS (Seniors)"]
[WhiteTeamCountry "GER"]
[BlackTeamCountry "FIN"]

1. d4 Nf6 2. Nc3 e6 3. e4 c6 4. Bd3 b6 5. Qe2 Be7 6. Nh3 a5 7. e5 Nd5 8. Qg4 Kf8 9. Ng5 f5 10. exf6 Nxf6 11. Qf3 Kg8 12. 0-0 Qe8 13. Re1 Qh5 14. Be2 Qxf3 15. Bxf3 h6 16. Nge4 Na6 17. a3 Kf7 18. Bf4 Ne8 19. Na4 Bd8 20. c4 d5 21. Nd6+ Nxd6 22. Bxd6 Bd7 23. c5 bxc5 24. Nxc5 Nxc5 25. Bxc5 Bg5 26. Rab1 Rhb8 27. b4 axb4 28. Bxb4 Be7 29. g3 Bxb4 30. Rxb4 Rxb4 31. axb4 Ra3 32. Bd1 Rd3 33. Ba4 Rxd4 34. Rc1 Rxb4 35. Bxc6 Bxc6 36. Rxc6 Rb7 37. Kf1 Kf6 38. Ke2 Ke5 39. f4+ Kf6 40. Rc2 Rb3 41. Kf2 g5 42. Ra2 gxf4 43. gxf4 Kf5 44. Ra4 Rh3 45. Kg2 Rh4 46. Kg3 Rg4+ 47. Kf3 e5 0-1

[Event "Dresden ZMD op"]
[Site "Dresden"]
[Date "2009.07.29"]
[Round "5"]
[White "Rozov, Boris"]
[Black "Savchenko, Stanislav"]
[Result "0-1"]
[WhiteElo "2138"]
[BlackElo "2526"]
[PlyCount "36"]
[EventDate "2009.07.25"]
[EventType "swiss"]
[EventRounds "9"]
[EventCountry "GER"]
[SourceTitle "CBM 131 Extra"]
[Source "ChessBase"]
[SourceDate "2009.09.03"]
[SourceVersion "2"]
[SourceVersionDate "2009.09.16"]
[SourceQuality "1"]

1. d4 d5 2. Nc3 Nf6 3. Bg5 Nbd7 4. Nf3 h6 5. Bf4 c6 6. Qd3 e6 7. e4 Bb4 8. e5 Ne4 9. Nd2 Nxd2 10. Bxd2 c5 11. Nb5 Bxd2+ 12. Qxd2 0-0 13. f4 a6 14. Nc3 f6 15. exf6 Qxf6 16. g3 cxd4 17. Ne2 d3 18. cxd3 Nc5 0-1

[Event "Dresden ZMD op"]
[Site "Dresden"]
[Date "2007.07.29"]
[Round "9"]
[White "Doberitz, Paul"]
[Black "Rozov, Boris"]
[Result "1-0"]
[WhiteElo "2033"]
[BlackElo "2186"]
[PlyCount "99"]
[EventDate "2007.07.21"]
[EventType "swiss"]
[EventRounds "9"]
[EventCountry "GER"]
[SourceTitle "EXT 2008"]
[Source "ChessBase"]
[SourceDate "2007.11.25"]
[SourceVersion "1"]
[SourceVersionDate "2007.11.25"]
[SourceQuality "1"]

1. e4 c6 2. d4 d5 3. Nc3 dxe4 4. Nxe4 Nf6 5. Nxf6+ gxf6 6. c3 Bf5 7. Bd3 Bg6 8. Ne2 Nd7 9. b3 e6 10. Bb2 Qa5 11. Bxg6 hxg6 12. Qd2 Qd5 13. f3 Bh6 14. Qc2 0-0-0 15. c4 Qa5+ 16. Bc3 Qc7 17. g3 e5 18. Rd1 f5 19. 0-0 Be3+ 20. Kg2 Rde8 21. dxe5 Nxe5 22. f4 Bxf4 23. Rxf4 f6 24. Bxe5 fxe5 25. Rf2 e4 26. Qc3 Qh7 27. h4 g5 28. Qf6 f4 29. Nd4 f3+ 30. Kh3 g4+ 31. Kxg4 Rhf8 32. Qd6 e3 33. Rxf3 Rxf3 34. Kxf3 Qe4+ 35. Ke2 Qg2+ 36. Kd3 e2 37. Nxe2 Qxe2+ 38. Kc3 a5 39. Rd2 Qe1 40. Kb2 Qe4 41. Qd4 Qe7 42. h5 a4 43. c5 axb3 44. axb3 Qh7 45. g4 Rg8 46. Qe5 Rh8 47. Rd6 Rf8 48. Re6 Qf7 49. Re7 Qf2+ 50. Ka3 1-0

[Event "Dresden ZMD op"]
[Site "Dresden"]
[Date "2007.07.25"]
[Round "5"]
[White "Langer, Wolfgang2"]
[Black "Rozov, Boris"]
[Result "1/2-1/2"]
[WhiteElo "2004"]
[BlackElo "2186"]
[PlyCount "83"]
[EventDate "2007.07.21"]
[EventType "swiss"]
[EventRounds "9"]
[EventCountry "GER"]
[SourceTitle "EXT 2008"]
[Source "ChessBase"]
[SourceDate "2007.11.25"]
[SourceVersion "1"]
[SourceVersionDate "2007.11.25"]
[SourceQuality "1"]

1. d4 Nc6 2. d5 Nb8 3. e4 e5 4. dxe6 fxe6 5. Nf3 Bb4+ 6. Nc3 Nc6 7. Bd3 Qf6 8. Bd2 Nh6 9. 0-0 Nf7 10. e5 Qe7 11. a3 Ba5 12. Re1 Bb6 13. Qe2 Nd4 14. Qe4 d5 15. exd6 Nxd6 16. Qg4 Nxf3+ 17. gxf3 Bd7 18. Nd5 Qf7 19. Nxb6 axb6 20. Re5 0-0-0 21. Rae1 h5 22. Qg2 Rdf8 23. Bg6 Qxf3 24. Qxf3 Rxf3 25. Rxh5 Rhf8 26. Be3 R3f6 27. Bd3 Nf5 28. Bxf5 exf5 29. f4 Rg6+ 30. Kf2 Re8 31. Bd2 Rxe1 32. Bxe1 Re6 33. Rh8+ Be8 34. Bc3 g6 35. Rh7 c5 36. Be5 Bc6 37. h4 b5 38. Kg3 Kd8 39. Bc7+ Ke8 40. Be5 Re7 41. Rh8+ Kd7 42. Rh6 1/2-1/2

[Event "Berlin Lichtenberger op 6th"]
[Site "Berlin"]
[Date "2007.??.??"]
[Round "?"]
[White "Schilly, Hans Joachim"]
[Black "Rozov, Boris"]
[Result "0-1"]
[WhiteElo "1824"]
[BlackElo "2186"]
[PlyCount "66"]
[EventDate "2007.08.18"]
[EventType "swiss"]
[EventRounds "9"]
[EventCountry "GER"]
[SourceTitle "CBM 120 Extra"]
[Source "ChessBase"]
[SourceDate "2007.11.01"]
[SourceVersion "1"]
[SourceVersionDate "2007.11.01"]
[SourceQuality "1"]

1. c4 Nf6 2. Nc3 e6 3. e4 e5 4. Nf3 Nc6 5. Be2 d6 6. 0-0 Bg4 7. d3 Be7 8. Nd5 0-0 9. Bd2 a5 10. a3 Qd7 11. Nxe7+ Qxe7 12. b4 axb4 13. axb4 Bxf3 14. Bxf3 Nd4 15. Kh1 Rxa1 16. Qxa1 Nxf3 17. gxf3 Nh5 18. Rg1 Qd7 19. Rg4 g6 20. Bh6 Re8 21. Qf1 f5 22. Rh4 f4 23. Qg1 Kh8 24. Qa1 b6 25. Bxf4 Qf7 26. Bg3 Qxf3+ 27. Kg1 Qxd3 28. Qa4 Rf8 29. Qd7 Qd1+ 30. Kg2 Qf3+ 31. Kh3 Nf4+ 32. Rxf4 exf4 33. Qe7 fxg3 0-1

[Event "Berlin op 08"]
[Site "Berlin"]
[Date "2006.08.20"]
[Round "2"]
[White "Rozov, Boris"]
[Black "Kaphle, Sebastian"]
[Result "1/2-1/2"]
[WhiteElo "2107"]
[BlackElo "1907"]
[PlyCount "37"]
[EventDate "2006.08.19"]
[EventType "swiss"]
[EventRounds "9"]
[EventCountry "GER"]
[SourceTitle "EXT 2007"]
[Source "ChessBase"]
[SourceDate "2006.11.23"]
[SourceVersion "1"]
[SourceVersionDate "2006.11.23"]
[SourceQuality "1"]

1. d4 Nf6 2. Nc3 c5 3. dxc5 e6 4. e4 Nc6 5. Be3 Qa5 6. Qd2 Bxc5 7. Bxc5 Qxc5 8. h3 0-0 9. f4 d5 10. e5 Ne4 11. Nxe4 dxe4 12. 0-0-0 b6 13. Ne2 Bb7 14. Qc3 Qf2 15. Qg3 Qc5 16. Qc3 Qf2 17. Qe1 Qe3+ 18. Qd2 Qc5 19. Qc3 1/2-1/2